header

The future security environment in the Middle East (Record no. 72477)

MARC details
000 -LEADER
fixed length control field 01297nam a2200325Ia 4500
082 04 - DEWEY DECIMAL CLASSIFICATION NUMBER
Classification number 355/.033056
100 1# - MAIN ENTRY--AUTHOR NAME
Personal name Bensahel, Nora,
245 14 - TITLE STATEMENT
Title The future security environment in the Middle East
260 ## - PUBLICATION, DISTRIBUTION, ETC. (IMPRINT)
Place of publication Santa Monica, CA :
Name of publisher RAND,
Year of publication 2004.
300 ## - PHYSICAL DESCRIPTION
Number of Pages xx, 345 p.
500 ## - GENERAL NOTE
General note "MR-1640."
650 #0 - SUBJECT ADDED ENTRY--TOPICAL TERM
Topical Term Armies
700 1# - ADDED ENTRY--PERSONAL NAME
Personal name Byman, Daniel,
856 40 - ELECTRONIC LOCATION AND ACCESS
Uniform Resource Identifier http://site.ebrary.com/lib/rucke/Doc?id=10056142

No items available.

© 2026 Rongo University
Contact us: librarian | system librarian | Rongo university